000 00560nam a2200193Ia 4500
005 20230421120420.0
008 230125s9999 xx 000 0 und d
020 _a0-446-34191-6
041 _aeng
082 _a823
_bSHE
100 _aSheldon S
_9113324
245 _aThe Naked Face
_bA brilliant creation...clearly the best first mystery novel of the year
260 _c1970
_bWarner books
_aAmerica
300 _a316p
500 _aEnglish Literature;Novels
650 _aEnglish Literature;Novels
_9119645
700 _aSheldon S
_9113324
942 _cDB
999 _c94159
_d94159